[Event "ODJM B 2025"]
[Site "Willingen GER"]
[Date "2025.06.08"]
[Round "2"]
[White "Engelhaupt, Henry"]
[Black "Feichtner, David"]
[Result "1-0"]
[Termination "normal"]
[Board "17"]
[WhiteElo "1825"]
[BlackElo "1776"]
[WhiteClock "01:16:22"]
[BlackClock "00:43:36"]
[PlyCount "165"]
[WhiteFideId "34644814"]
[BlackFideId "533013381"]
[EventCountry "GER"]
[EventRounds "9"]
[EventType "swiss"]
[EventDate "2025.06.07"]

1. e4 {[%clk 01:30:58]} {[%emt 00:00:02]} c5 {[%clk 01:30:21]} {[%emt
00:00:40]} 2. Nf3 {[%clk 01:31:22]} {[%emt 00:00:05]} Nc6 {[%clk 01:30:47]}
{[%emt 00:00:04]} 3. d4 {[%clk 01:31:42]} {[%emt 00:00:10]} cxd4 {[%clk
01:31:11]} {[%emt 00:00:06]} 4. Nxd4 {[%clk 01:32:09]} {[%emt 00:00:03]} Nf6
{[%clk 01:31:34]} {[%emt 00:00:06]} 5. Nc3 {[%clk 01:32:35]} {[%emt 00:00:05]}
e5 {[%clk 01:31:58]} {[%emt 00:00:06]} 6. Ndb5 {[%clk 01:33:01]} {[%emt
00:00:04]} d6 {[%clk 01:32:24]} {[%emt 00:00:04]} 7. Bg5 {[%clk 01:33:27]}
{[%emt 00:00:04]} a6 {[%clk 01:32:49]} {[%emt 00:00:05]} 8. Na3 {[%clk
01:33:53]} {[%emt 00:00:04]} b5 {[%clk 01:33:15]} {[%emt 00:00:05]} 9. Nd5
{[%clk 01:34:19]} {[%emt 00:00:03]} Be7 {[%clk 01:33:39]} {[%emt 00:00:06]} 10.
Bxf6 {[%clk 01:34:44]} {[%emt 00:00:05]} Bxf6 {[%clk 01:34:03]} {[%emt
00:00:06]} 11. c4 {[%clk 01:35:11]} {[%emt 00:00:03]} b4 {[%clk 01:34:24]}
{[%emt 00:00:09]} 12. Nc2 {[%clk 01:35:37]} {[%emt 00:00:04]} a5 {[%clk
01:34:50]} {[%emt 00:00:05]} 13. Bd3 {[%clk 01:35:44]} {[%emt 00:00:22]} O-O
{[%clk 01:34:57]} {[%emt 00:00:23]} 14. O-O {[%clk 01:36:11]} {[%emt 00:00:03]}
Bg5 {[%clk 01:34:57]} {[%emt 00:00:31]} 15. Qe2 {[%clk 01:35:57]} {[%emt
00:00:43]} Rb8 {[%clk 01:34:37]} {[%emt 00:00:49]} 16. b3 {[%clk 01:35:53]}
{[%emt 00:00:35]} Be6 {[%clk 01:34:25]} {[%emt 00:00:41]} 17. Rad1 {[%clk
01:35:48]} {[%emt 00:00:36]} Ne7 {[%clk 01:33:57]} {[%emt 00:00:57]} 18. f4
{[%clk 01:34:49]} {[%emt 00:01:29]} exf4 {[%clk 01:32:42]} {[%emt 00:01:46]}
19. Nxf4 {[%clk 01:35:12]} {[%emt 00:00:08]} Bxf4 {[%clk 01:33:04]} {[%emt
00:00:07]} 20. Rxf4 {[%clk 01:35:36]} {[%emt 00:00:06]} Ng6 {[%clk 01:33:12]}
{[%emt 00:00:22]} 21. Rff1 {[%clk 01:35:22]} {[%emt 00:00:44]} Qb6+ {[%clk
01:32:06]} {[%emt 00:01:35]} 22. Kh1 {[%clk 01:35:39]} {[%emt 00:00:13]} Ne5
{[%clk 01:32:10]} {[%emt 00:00:26]} 23. Ne3 {[%clk 01:35:30]} {[%emt 00:00:40]}
Nxd3 {[%clk 01:30:04]} {[%emt 00:02:35]} 24. Rxd3 {[%clk 01:35:29]} {[%emt
00:00:31]} Qc6 {[%clk 01:30:13]} {[%emt 00:00:21]} 25. Nd5 {[%clk 01:35:43]}
{[%emt 00:00:17]} Bxd5 {[%clk 01:30:19]} {[%emt 00:00:24]} 26. exd5 {[%clk
01:35:58]} {[%emt 00:00:15]} Qd7 {[%clk 01:30:29]} {[%emt 00:00:20]} 27. Rg3
{[%clk 01:36:15]} {[%emt 00:00:13]} f6 {[%clk 01:30:11]} {[%emt 00:00:48]} 28.
Qh5 {[%clk 01:36:21]} {[%emt 00:00:24]} Qf7 {[%clk 01:29:40]} {[%emt 00:01:01]}
29. Qh4 {[%clk 01:35:59]} {[%emt 00:00:51]} Rfe8 {[%clk 01:29:36]} {[%emt
00:00:34]} 30. h3 {[%clk 01:36:00]} {[%emt 00:00:30]} Kh8 {[%clk 01:28:31]}
{[%emt 00:01:34]} 31. Qf4 {[%clk 01:35:18]} {[%emt 00:01:13]} Re5 {[%clk
01:28:06]} {[%emt 00:00:55]} 32. Re3 {[%clk 01:34:11]} {[%emt 00:01:36]} Rbe8
{[%clk 01:25:39]} {[%emt 00:02:58]} 33. Rfe1 {[%clk 01:33:50]} {[%emt
00:00:50]} Kg8 {[%clk 01:24:42]} {[%emt 00:01:27]} 34. g4 {[%clk 01:30:55]}
{[%emt 00:03:26]} a4 {[%clk 01:23:13]} {[%emt 00:01:59]} 35. Rxe5 {[%clk
01:29:02]} {[%emt 00:02:23]} fxe5 {[%clk 01:23:22]} {[%emt 00:00:21]} 36. Qxf7+
{[%clk 01:28:26]} {[%emt 00:01:06]} Kxf7 {[%clk 01:23:43]} {[%emt 00:00:09]}
37. Kg2 {[%clk 01:28:39]} {[%emt 00:00:17]} axb3 {[%clk 01:23:28]} {[%emt
00:00:45]} 38. axb3 {[%clk 01:29:03]} {[%emt 00:00:06]} Ra8 {[%clk 01:23:50]}
{[%emt 00:00:08]} 39. Kf3 {[%clk 01:29:26]} {[%emt 00:00:07]} Ra3 {[%clk
01:23:48]} {[%emt 00:00:32]} 40. Re3 {[%clk 01:29:50]} {[%emt 00:00:05]} Kf6
{[%clk 01:23:08]} {[%emt 00:01:11]} 41. Ke4 {[%clk 01:30:13]} {[%emt 00:00:07]}
g6 {[%clk 01:22:41]} {[%emt 00:00:57]} 42. Rf3+ {[%clk 01:28:11]} {[%emt
00:02:33]} Ke7 {[%clk 01:22:48]} {[%emt 00:00:22]} 43. g5 {[%clk 01:28:03]}
{[%emt 00:00:38]} Ra5 {[%clk 01:20:36]} {[%emt 00:02:42]} 44. h4 {[%clk
01:26:27]} {[%emt 00:02:06]} Rc5 {[%clk 01:14:34]} {[%emt 00:06:32]} 45. Rf2
{[%clk 01:24:10]} {[%emt 00:02:48]} Ra5 {[%clk 01:11:58]} {[%emt 00:03:05]} 46.
Rh2 {[%clk 01:24:31]} {[%emt 00:00:09]} Kf7 {[%clk 01:11:40]} {[%emt 00:00:48]}
47. h5 {[%clk 01:23:48]} {[%emt 00:01:13]} Ra1 {[%clk 01:07:43]} {[%emt
00:04:27]} 48. Rf2+ {[%clk 01:23:57]} {[%emt 00:00:20]} Ke7 {[%clk 01:02:45]}
{[%emt 00:05:29]} 49. hxg6 {[%clk 01:24:22]} {[%emt 00:00:05]} hxg6 {[%clk
01:03:06]} {[%emt 00:00:09]} 50. Rf6 {[%clk 01:23:46]} {[%emt 00:01:07]} Rg1
{[%clk 01:02:47]} {[%emt 00:00:48]} 51. Rxg6 {[%clk 01:24:02]} {[%emt
00:00:14]} Rg4+ {[%clk 01:03:06]} {[%emt 00:00:10]} 52. Kf3 {[%clk 01:24:13]}
{[%emt 00:00:20]} Rf4+ {[%clk 01:03:14]} {[%emt 00:00:22]} 53. Ke3 {[%clk
01:24:36]} {[%emt 00:00:07]} Rd4 {[%clk 01:02:26]} {[%emt 00:01:18]} 54. Rg7+
{[%clk 01:24:57]} {[%emt 00:00:10]} Ke8 {[%clk 01:02:32]} {[%emt 00:00:22]} 55.
Rb7 {[%clk 01:25:22]} {[%emt 00:00:05]} Rg4 {[%clk 01:02:43]} {[%emt 00:00:20]}
56. Rxb4 {[%clk 01:25:40]} {[%emt 00:00:12]} Rxg5 {[%clk 01:03:06]} {[%emt
00:00:07]} 57. Rb7 {[%clk 01:25:54]} {[%emt 00:00:16]} Rf5 {[%clk 01:03:07]}
{[%emt 00:00:29]} 58. Ra7 {[%clk 01:23:22]} {[%emt 00:03:03]} Rf4 {[%clk
01:00:00]} {[%emt 00:03:36]} 59. Ra2 {[%clk 01:22:49]} {[%emt 00:01:03]} Rd4
{[%clk 00:59:37]} {[%emt 00:00:52]} 60. Rd2 {[%clk 01:22:13]} {[%emt 00:01:07]}
Rh4 {[%clk 00:59:29]} {[%emt 00:00:37]} 61. Kd3 {[%clk 01:22:06]} {[%emt
00:00:38]} Kd7 {[%clk 00:56:34]} {[%emt 00:03:25]} 62. Re2 {[%clk 01:22:20]}
{[%emt 00:00:16]} Rd4+ {[%clk 00:56:20]} {[%emt 00:00:44]} 63. Kc3 {[%clk
01:22:41]} {[%emt 00:00:10]} Rf4 {[%clk 00:56:13]} {[%emt 00:00:36]} 64. Re3
{[%clk 01:22:52]} {[%emt 00:00:19]} Rd4 {[%clk 00:55:58]} {[%emt 00:00:44]} 65.
Rf3 {[%clk 01:23:04]} {[%emt 00:00:19]} Ke7 {[%clk 00:49:32]} {[%emt 00:06:56]}
66. Kb4 {[%clk 01:22:27]} {[%emt 00:01:07]} e4 {[%clk 00:48:38]} {[%emt
00:01:24]} 67. Rf4 {[%clk 01:22:45]} {[%emt 00:00:12]} Kd7 {[%clk 00:48:44]}
{[%emt 00:00:24]} 68. Rf7+ {[%clk 01:21:46]} {[%emt 00:01:29]} Ke8 {[%clk
00:48:14]} {[%emt 00:01:00]} 69. Rf6 {[%clk 01:22:08]} {[%emt 00:00:08]} Kd7
{[%clk 00:48:39]} {[%emt 00:00:05]} 70. Re6 {[%clk 01:22:32]} {[%emt 00:00:06]}
Kc7 {[%clk 00:48:58]} {[%emt 00:00:11]} 71. Kc3 {[%clk 01:18:08]} {[%emt
00:04:54]} Rd3+ {[%clk 00:49:05]} {[%emt 00:00:23]} 72. Kc2 {[%clk 01:18:34]}
{[%emt 00:00:04]} Rd4 {[%clk 00:49:26]} {[%emt 00:00:09]} 73. Rh6 {[%emt
00:01:13]} e3 {[%clk 00:48:04]} {[%emt 00:01:50]} 74. Re6 {[%clk 01:17:40]}
{[%emt 00:00:42]} Rd2+ {[%clk 00:48:23]} {[%emt 00:00:11]} 75. Kc3 {[%clk
01:18:05]} {[%emt 00:00:06]} Re2 {[%clk 00:48:32]} {[%emt 00:00:21]} 76. Kd4
{[%clk 01:16:22]} {[%emt 00:02:13]} Rd2+ {[%clk 00:48:19]} {[%emt 00:00:42]}
77. Kc3 {[%clk 01:15:53]} {[%emt 00:01:00]} Re2 {[%clk 00:48:04]} {[%emt
00:00:44]} 78. b4 {[%clk 01:15:41]} {[%emt 00:00:42]} Re1 {[%clk 00:47:49]}
{[%emt 00:00:46]} 79. Kc2 {[%clk 01:15:08]} {[%emt 00:01:02]} Re2+ {[%clk
00:45:48]} {[%emt 00:02:31]} 80. Kd3 {[%clk 01:15:19]} {[%emt 00:00:16]} Rb2
{[%clk 00:45:59]} {[%emt 00:00:22]} 81. b5 {[%clk 01:15:44]} {[%emt 00:00:06]}
Rb3+ {[%clk 00:45:11]} {[%emt 00:01:17]} 82. Kd4 {[%clk 01:16:01]} {[%emt
00:00:14]} Rb1 {[%clk 00:43:36]} {[%emt 00:02:04]} 83. Rxe3 {[%clk 01:16:22]}
{[%emt 00:00:09]} 1-0

[Event "ODJM B 2025"]
[Site "Willingen GER"]
[Date "2025.06.08"]
[Round "2"]
[White "Kandora, William"]
[Black "Christen, Jan"]
[Result "0-1"]
[Termination "normal"]
[Board "18"]
[WhiteElo "1570"]
[BlackElo "1809"]
[WhiteClock "00:53:35"]
[BlackClock "00:20:34"]
[PlyCount "134"]
[WhiteFideId "34684247"]
[BlackFideId "34643320"]
[EventCountry "GER"]
[EventRounds "9"]
[EventType "swiss"]
[EventDate "2025.06.07"]

1. c4 {[%clk 01:30:58]} {[%emt 00:00:02]} e5 {[%clk 01:30:37]} {[%emt
00:00:23]} 2. g3 {[%clk 01:31:20]} {[%emt 00:00:09]} Nc6 {[%clk 01:30:42]}
{[%emt 00:00:25]} 3. Bg2 {[%clk 01:31:42]} {[%emt 00:00:07]} h5 {[%clk
01:30:39]} {[%emt 00:00:32]} 4. Nc3 {[%clk 01:27:27]} {[%emt 00:04:46]} h4
{[%clk 01:30:39]} {[%emt 00:00:30]} 5. e3 {[%clk 01:20:17]} {[%emt 00:07:41]}
d6 {[%clk 01:30:37]} {[%emt 00:00:32]} 6. h3 {[%clk 01:20:39]} {[%emt
00:00:08]} hxg3 {[%clk 01:25:32]} {[%emt 00:05:35]} 7. fxg3 {[%clk 01:20:46]}
{[%emt 00:00:23]} Nh6 {[%clk 01:20:54]} {[%emt 00:05:07]} 8. Nge2 {[%clk
01:16:04]} {[%emt 00:05:12]} Bd7 {[%clk 01:14:14]} {[%emt 00:07:10]} 9. d3
{[%clk 01:15:36]} {[%emt 00:00:58]} Nf5 {[%clk 01:13:25]} {[%emt 00:01:19]} 10.
Rf1 {[%clk 01:13:35]} {[%emt 00:02:32]} g6 {[%clk 01:10:52]} {[%emt 00:03:02]}
11. Bd5 {[%clk 01:09:59]} {[%emt 00:04:07]} Be6 {[%clk 01:00:18]} {[%emt
00:11:04]} 12. Qb3 {[%clk 01:05:53]} {[%emt 00:04:36]} Rb8 {[%clk 00:44:31]}
{[%emt 00:16:17]} 13. c5 {[%clk 00:54:51]} {[%emt 00:11:32]} Bxd5 {[%clk
00:36:25]} {[%emt 00:08:36]} 14. Nxd5 {[%clk 00:54:35]} {[%emt 00:00:45]} Bg7
{[%clk 00:29:42]} {[%emt 00:07:13]} 15. g4 {[%clk 00:49:03]} {[%emt 00:06:02]}
Nh4 {[%clk 00:24:24]} {[%emt 00:05:47]} 16. Rf2 {[%clk 00:44:50]} {[%emt
00:04:44]} O-O {[%clk 00:22:55]} {[%emt 00:02:00]} 17. Bd2 {[%clk 00:41:25]}
{[%emt 00:03:54]} Ne7 {[%clk 00:21:08]} {[%emt 00:02:17]} 18. O-O-O {[%clk
00:40:26]} {[%emt 00:01:29]} Nxd5 {[%clk 00:20:49]} {[%emt 00:00:49]} 19. Qxd5
{[%clk 00:40:41]} {[%emt 00:00:15]} dxc5 {[%clk 00:20:34]} {[%emt 00:00:45]}
20. Qxc5 {[%clk 00:40:56]} {[%emt 00:00:15]} Qxd3 {[%clk 00:19:35]} {[%emt
00:01:29]} 21. Bb4 {[%clk 00:40:05]} {[%emt 00:01:21]} Qa6 {[%clk 00:18:22]}
{[%emt 00:01:42]} 22. Kb1 {[%clk 00:40:16]} {[%emt 00:00:21]} Rbd8 {[%clk
00:16:57]} {[%emt 00:01:53]} 23. Rdf1 {[%clk 00:30:52]} {[%emt 00:09:55]} Rd7
{[%clk 00:12:43]} {[%emt 00:04:43]} 24. Qc2 {[%clk 00:26:50]} {[%emt 00:04:33]}
Rfd8 {[%clk 00:11:54]} {[%emt 00:01:17]} 25. Qb3 {[%clk 00:26:30]} {[%emt
00:00:52]} g5 {[%clk 00:10:32]} {[%emt 00:01:51]} 26. Rxf7 {[%clk 00:25:56]}
{[%emt 00:01:04]} Qg6+ {[%clk 00:10:28]} {[%emt 00:00:34]} 27. R7f5+ {[%clk
00:23:14]} {[%emt 00:03:13]} Kh8 {[%clk 00:10:29]} {[%emt 00:00:28]} 28. Qc2
{[%clk 00:23:12]} {[%emt 00:00:33]} Nxf5 {[%clk 00:10:43]} {[%emt 00:00:16]}
29. gxf5 {[%clk 00:23:34]} {[%emt 00:00:08]} Qc6 {[%clk 00:09:17]} {[%emt
00:01:56]} 30. Qxc6 {[%clk 00:22:34]} {[%emt 00:01:30]} bxc6 {[%clk 00:09:44]}
{[%emt 00:00:02]} 31. f6 {[%clk 00:22:36]} {[%emt 00:00:28]} Bf8 {[%clk
00:09:49]} {[%emt 00:00:26]} 32. Bc3 {[%clk 00:22:43]} {[%emt 00:00:23]} Rd1+
{[%clk 00:08:24]} {[%emt 00:01:55]} 33. Rxd1 {[%clk 00:23:04]} {[%emt
00:00:08]} Rxd1+ {[%clk 00:08:49]} {[%emt 00:00:06]} 34. Kc2 {[%clk 00:23:26]}
{[%emt 00:00:07]} Rh1 {[%clk 00:08:24]} {[%emt 00:00:54]} 35. Ng3 {[%clk
00:23:04]} {[%emt 00:00:53]} Rxh3 {[%clk 00:07:24]} {[%emt 00:01:31]} 36. Ne4
{[%clk 00:23:05]} {[%emt 00:00:29]} g4 {[%clk 00:05:22]} {[%emt 00:02:31]} 37.
Bxe5 {[%clk 00:22:07]} {[%emt 00:01:29]} Rxe3 {[%clk 00:02:55]} {[%emt
00:02:57]} 38. f7+ {[%clk 00:22:20]} {[%emt 00:00:17]} Kh7 {[%clk 00:03:10]}
{[%emt 00:00:13]} 39. Nf6+ {[%clk 00:22:44]} {[%emt 00:00:07]} Kg6 {[%clk
00:03:06]} {[%emt 00:00:34]} 40. Nd7 {[%clk 00:21:35]} {[%emt 00:01:40]} Kxf7
{[%clk 00:02:53]} {[%emt 00:00:42]} 41. Bxc7 {[%clk 00:21:01]} {[%emt
00:01:04]} g3 {[%clk 00:25:27]} {[%emt 00:07:56]} 42. Kd2 {[%clk 00:50:31]}
{[%emt 00:01:01]} Bh6 {[%clk 00:25:18]} {[%emt 00:00:39]} 43. Bxg3 {[%clk
00:49:51]} {[%emt 00:01:10]} Rxg3+ {[%clk 00:25:01]} {[%emt 00:00:47]} 44. Kc2
{[%clk 00:50:14]} {[%emt 00:00:07]} Rg2+ {[%clk 00:24:39]} {[%emt 00:00:52]}
45. Kb1 {[%clk 00:50:36]} {[%emt 00:00:08]} Bg7 {[%clk 00:23:56]} {[%emt
00:01:12]} 46. b3 {[%clk 00:51:01]} {[%emt 00:00:06]} Rb2+ {[%clk 00:23:56]}
{[%emt 00:00:29]} 47. Kc1 {[%clk 00:51:23]} {[%emt 00:00:08]} Rxa2 {[%clk
00:23:57]} {[%emt 00:00:30]} 48. Nb8 {[%clk 00:51:23]} {[%emt 00:00:30]} Ra5
{[%clk 00:21:38]} {[%emt 00:02:48]} 49. b4 {[%clk 00:51:40]} {[%emt 00:00:15]}
Ra3 {[%clk 00:21:38]} {[%emt 00:00:29]} 50. Kd2 {[%clk 00:51:43]} {[%emt
00:00:27]} Bc3+ {[%clk 00:20:38]} {[%emt 00:01:28]} 51. Kd1 {[%clk 00:51:57]}
{[%emt 00:00:17]} Bxb4 {[%clk 00:20:02]} {[%emt 00:01:06]} 52. Nxc6 {[%clk
00:52:17]} {[%emt 00:00:10]} a5 {[%clk 00:19:29]} {[%emt 00:01:03]} 53. Ne5+
{[%clk 00:52:08]} {[%emt 00:00:40]} Ke6 {[%clk 00:19:46]} {[%emt 00:00:13]} 54.
Nc4 {[%clk 00:51:48]} {[%emt 00:00:50]} Rd3+ {[%clk 00:19:16]} {[%emt
00:00:58]} 55. Ke2 {[%clk 00:51:56]} {[%emt 00:00:23]} Rd8 {[%clk 00:19:18]}
{[%emt 00:00:27]} 56. Nb6 {[%clk 00:52:02]} {[%emt 00:00:25]} Kd6 {[%clk
00:18:35]} {[%emt 00:01:13]} 57. Kd3 {[%clk 00:51:44]} {[%emt 00:00:49]} Kc5+
{[%clk 00:18:38]} {[%emt 00:00:26]} 58. Kc2 {[%clk 00:52:07]} {[%emt 00:00:07]}
Kxb6 {[%clk 00:18:58]} {[%emt 00:00:10]} 59. Kb3 {[%clk 00:52:32]} {[%emt
00:00:06]} Rd3+ {[%clk 00:19:08]} {[%emt 00:00:19]} 60. Ka2 {[%clk 00:52:33]}
{[%emt 00:00:29]} a4 {[%clk 00:19:20]} {[%emt 00:00:19]} 61. Kb2 {[%clk
00:51:48]} {[%emt 00:01:15]} a3+ {[%clk 00:19:34]} {[%emt 00:00:14]} 62. Ka2
{[%clk 00:52:09]} {[%emt 00:00:10]} Rd2+ {[%clk 00:19:41]} {[%emt 00:00:24]}
63. Ka1 {[%clk 00:52:31]} {[%emt 00:00:08]} Kb5 {[%clk 00:19:37]} {[%emt
00:00:33]} 64. Kb1 {[%clk 00:52:53]} {[%emt 00:00:09]} Kc4 {[%clk 00:20:01]}
{[%emt 00:00:06]} 65. Kc1 {[%clk 00:53:03]} {[%emt 00:00:20]} Kb3 {[%clk
00:20:08]} {[%emt 00:00:22]} 66. Kb1 {[%clk 00:53:16]} {[%emt 00:00:17]} a2+
{[%clk 00:20:12]} {[%emt 00:00:26]} 67. Ka1 {[%clk 00:53:35]} {[%emt 00:00:11]}
Bc3# {[%clk 00:20:34]} {[%emt 00:00:07]} 0-1

[Event "ODJM B 2025"]
[Site "Willingen GER"]
[Date "2025.06.08"]
[Round "2"]
[White "Kandora, Max"]
[Black "Wilke, Ronja"]
[Result "1-0"]
[Termination "normal"]
[Board "19"]
[WhiteElo "1878"]
[BlackElo "1585"]
[WhiteClock "00:47:21"]
[BlackClock "00:55:04"]
[PlyCount "51"]
[WhiteFideId "34684239"]
[BlackFideId "16288378"]
[EventCountry "GER"]
[EventRounds "9"]
[EventType "swiss"]
[EventDate "2025.06.07"]

1. e4 {[%clk 01:30:58]} {[%emt 00:00:02]} c6 {[%clk 01:30:53]} {[%emt
00:00:07]} 2. d4 {[%clk 01:31:23]} {[%emt 00:00:05]} d5 {[%clk 01:31:19]}
{[%emt 00:00:03]} 3. Nc3 {[%clk 01:31:50]} {[%emt 00:00:03]} dxe4 {[%clk
01:31:37]} {[%emt 00:00:12]} 4. Nxe4 {[%clk 01:32:15]} {[%emt 00:00:05]} Bf5
{[%emt 00:00:27]} 5. Ng3 {[%clk 01:32:31]} Bg6 {[%clk 01:32:10]} {[%emt
00:00:14]} 6. Nf3 {[%clk 01:32:57]} {[%emt 00:00:05]} Nd7 {[%clk 01:32:00]}
{[%emt 00:00:39]} 7. h4 {[%clk 01:33:22]} {[%emt 00:00:05]} h6 {[%clk
01:32:09]} {[%emt 00:00:21]} 8. h5 {[%clk 01:33:49]} {[%emt 00:00:04]} Bh7
{[%clk 01:32:34]} {[%emt 00:00:04]} 9. Bd3 {[%clk 01:34:16]} {[%emt 00:00:03]}
Bxd3 {[%clk 01:32:57]} {[%emt 00:00:07]} 10. Qxd3 {[%clk 01:34:43]} {[%emt
00:00:03]} Ngf6 {[%clk 01:33:00]} {[%emt 00:00:27]} 11. Bf4 {[%clk 01:28:58]}
{[%emt 00:06:15]} Qb6 {[%clk 01:31:23]} {[%emt 00:02:06]} 12. O-O-O {[%clk
01:25:52]} {[%emt 00:03:37]} O-O-O {[%clk 01:30:39]} {[%emt 00:01:15]} 13. Ne5
{[%clk 01:20:39]} {[%emt 00:05:43]} Nxe5 {[%clk 01:29:45]} {[%emt 00:01:24]}
14. Bxe5 {[%clk 01:21:03]} {[%emt 00:00:05]} Nd7 {[%clk 01:16:57]} {[%emt
00:13:18]} 15. Qf5 {[%clk 01:13:58]} {[%emt 00:07:30]} f6 {[%clk 01:15:44]}
{[%emt 00:01:48]} 16. Bf4 {[%clk 01:12:54]} {[%emt 00:01:34]} Qb5 {[%clk
01:15:22]} {[%emt 00:00:49]} 17. d5 {[%clk 01:09:54]} {[%emt 00:03:33]} b6
{[%clk 01:10:42]} {[%emt 00:05:10]} 18. Rd3 {[%clk 01:05:35]} {[%emt 00:04:48]}
Kb7 {[%clk 01:09:37]} {[%emt 00:01:36]} 19. dxc6+ {[%clk 01:04:03]} {[%emt
00:02:03]} Qxc6 {[%clk 01:05:50]} {[%emt 00:04:16]} 20. Rhd1 {[%clk 01:00:00]}
{[%emt 00:04:33]} e6 {[%clk 01:03:13]} {[%emt 00:03:06]} 21. Qg4 {[%clk
00:53:47]} {[%emt 00:06:44]} Ne5 {[%clk 01:00:08]} {[%emt 00:03:36]} 22. Bxe5
{[%clk 00:53:57]} {[%emt 00:00:20]} Rxd3 {[%clk 01:00:27]} {[%emt 00:00:11]}
23. Rxd3 {[%clk 00:54:22]} {[%emt 00:00:05]} fxe5 {[%clk 01:00:28]} {[%emt
00:00:29]} 24. Ne4 {[%clk 00:52:18]} {[%emt 00:02:33]} a5 {[%clk 00:56:21]}
{[%emt 00:04:37]} 25. Qf3 {[%clk 00:47:04]} {[%emt 00:05:44]} Be7 {[%clk
00:55:04]} {[%emt 00:01:46]} 26. Rd7+ {[%clk 00:47:21]} {[%emt 00:00:14]} 1-0